000 00598nam a22002057a 4500
005 20250513113634.0
008 250513b |||||||| |||| 00| 0 eng d
040 _cDO
245 _aThe first pioneer?
250 _aAugust 2002 Vol. 202 No 2
490 _aNational Geographic
520 _aOceans of Plenty, Mount Fuji, Henrietta Marie, Bahia, Russian Smokejumpers, Proboscis Monkeys, ZipUSA:03246
650 _xTHE FACE
650 _xSOUTH AFRICA COAST
650 _xMOUNT FUJI
650 _xHENRIETTA MARIE
650 _xSMOKE JUMPERS
650 _xPHOBOSCIS MONKEYS
942 _2ddc
_cCR
999 _c5506
_d5506